Rugby // Clubs de PRO D2 - Statistiques

Statistiques générales
  • Ce quiz a été pris 106 fois
  • Le résultat moyen est 12 sur 16
Statistiques - réponses
Réponse % Correct
Biarritz Olympique PB
89%
FC Grenoble Rugby
86%
Stade Montois Rugby
82%
Stade Niçois Rugby
82%
AS Béziers Hérault
80%
US Dax
78%
Oyonnax Rugby
76%
CA Brive
75%
US Montalbanaise
75%
Stade Aurillacois
71%
SU Agen
71%
USON Nevers
68%
Soyaux-Angoulême XV
64%
Colomiers Rugby
63%
Provence Rugby
63%
Valence Romans
57%
Aucun quiz correspondant
Distribution des résultats
% des personnes avec chaque résultat
Percentile par nombre de réponses
Votre historique - résultats
Vous n’avez pas pris ce quiz